| 000 | 00000nas##2200000za#4500 |
| 001 | 9.514341 |
| 003 | CaOODSP |
| 005 | 20200325131837 |
| 007 | ta |
| 008 | 150406c1991||||xxc|| p #||||f| |0eng|d |
| 040 | |aCaOODSP|beng |
| 043 | |an-cn--- |
| 086 | 1 |aT51-8E |
| 110 | 1 |aCanada.|bTransport Canada. |bCivil Aviation. |
| 245 | 10|aA.I.P. Canada |
| 260 | |aOttawa - Ontario : |bTransport Canada. |
| 310 | |aQuarterly |
| 500 | |aIrregular amendments. |
| 500 | |aReplaced by "Transport Canada Aeronautical Information Manual (TC AIM)" available from Civil Aviation Communications Centre (1-800-305-2059 or (613) 993-7284, services@tc.gc.ca, www.tc.gc.ca/transact) |
| 775 | 08|tA.I.P. Canada |w(CaOODSP)9.512767 |
| 785 | 00|tTransport Canada aeronautical information manual (TC AIM) |w(CaOODSP)9.515312 |